Вагон: роман

Bibliographische Detailangaben
1. Verfasser: Ажаев В. Н. Василий Николаевич
Weitere Verfasser: Калашников Г. (редактор)
Zusammenfassung:Исключено из фонда НТБ ТПУ
Sprache:Russisch
Veröffentlicht: Москва, Современник, 1988
Format: MixedMaterials Buch
KOHA link:https://koha.lib.tpu.ru/cgi-bin/koha/opac-detail.pl?biblionumber=297684

MARC

LEADER 00000nam0a2200000 4500
001 297684
005 20231101003322.0
010 |a 5270000865 
035 |a (RuTPU)RU\TPU\book\322818 
090 |a 297684 
100 |a 20150610d1988 m y0rusy50 ca 
101 0 |a rus 
102 |a RU 
105 |a y z 001ay 
200 1 |a Вагон  |e роман  |f В. Н. Ажаев  |g под ред. Г. Калашникова 
210 |a Москва  |c Современник  |d 1988 
215 |a 223 с. 
320 |a Вступительная статья: с. 3-7 
333 |a Исключено из фонда НТБ ТПУ 
675 |a Р2  |v 4 
700 1 |a Ажаев  |b В. Н.  |g Василий Николаевич 
702 1 |a Калашников  |b Г.  |4 340 
801 1 |a RU  |b 63413507  |c 20150610 
801 2 |a RU  |b 63413507  |c 20221123  |g RCR 
942 |c BK